| 000 | 01526nam a22002537a 4500 | ||
|---|---|---|---|
| 005 | 20240216095504.0 | ||
| 008 | s2554 th tha d | ||
| 040 | _aNALT | ||
| 041 | _atha | ||
| 050 | _aJA49 บ747ว 2554 | ||
| 100 | 0 | _aเอกวิทย์ มณีธร, บรรณาธิการ | |
| 245 | 1 | 0 | _aวารสารการเมือง การบริหาร และกฎหมาย (ปีที่ 3 ฉบับที่ 1 มกราคม-เมษายน 2554) |
| 260 | 3 |
_aชลบุรี : _bมหาวิทยาลัยบูรพา, _c2554 |
|
| 300 |
_a180 หน้า : _b ภาพประกอบ, ตาราง ; _c 21 ซม. |
||
| 610 | _aมหาวิทยาลัยบูรพา คณะรัฐศาสตร์และนิติศาสตร์ | ||
| 650 | 0 | 4 | _aความรุนแรงในครอบครัว -- วิจัย |
| 650 | 0 | 4 | _aภาษีเงินได้บุคคลธรรมดา -- การขอคืนภาษี -- วิจัย |
| 650 | 0 | 4 | _aพนักงานสอบสวน -- บทบาท -- วิจัย |
| 650 | 0 | 4 | _aรัฐประศาสนศาสตร์ -- วิจัย |
| 650 | 0 | 4 | _aคดีอาญา -- การไกล่เกลี่ยข้อพิพาท -- วิจัย |
| 650 | 0 | 4 | _aองค์การบริหารส่วนตำบล -- วิจัย |
| 850 | _aNALT | ||
| 942 |
_cGB _2lcc _01 |
||
| 999 |
_c64200 _d64200 |
||
| 998 |
_j4574 _k นักศึกษาฝึกงาน-01 |
||